Slávnosť žiab /

Uložené v:
Podrobná bibliografia
Hlavný autor: Zenker, Helmut, 1949-2003 (Author)
Médium: Kniha
Jazyk:Slovak
German
Vydané: Bratislava : Tatran, 1984.
Vydanie:1. vyd.
Edícia:LUK zv. 101
ISBN: (viaz.)
Fyzický popis: 178 s.
Tagy: Pridať tag
Žiadne tagy, Buďte prvý kto otaguje tento záznam!

MARC

LEADER 00000nam a22000004a 4500
001 000412813
005 20121210202839.0
008 121210s1984 xo e 000 0 slo d
020 |a (viaz.)  |c Kčs 20,00 
040 |a SVKKK  |b slo  |c SVKKK  |e AACR2 
041 1 |a slo  |h ger 
100 1 |a Zenker, Helmut,  |d 1949-2003  |4 aut 
245 1 0 |a Slávnosť žiab /  |c Helmut Zenker. 
250 |a 1. vyd. 
260 |a Bratislava :  |b Tatran,  |c 1984. 
300 |a 178 s. 
490 1 |a LUK  |v zv. 101 
830 0 |a LUK  |v zv. 101 
910 |a svkkk 
998 |a BK 
090 |g SCKHL  |k Sklad Pribinova 2. posch.  |a II.303814  |j 704116  |i B276207  |s Absenčne